000 00298nam a22001337a 4500
008 170717b xxu||||| |||| 00| 0 eng d
020 _a0135092655
041 _aeng
080 _a2
100 _a24
101 _aTEO
245 _aJEWS IN REMOTE CORNERS OF THE WORLD
_cCOWEN, I
942 _2udc
_cBK
999 _c21384
_d21384